[Event "Davos op 20th"]
[Site "Davos"]
[Date "2021.06.12"]
[Round "3"]
[White "Troesch, Alexander"]
[Black "Dekker, Jasper"]
[Result "1/2-1/2"]
[WhiteElo "1560"]
[BlackElo "1825"]
[PlyCount "82"]
[EventDate "2021.06.11"]
[EventType "swiss"]
[EventRounds "5"]
[EventCountry "SUI"]
[SourceTitle "CBM 203 Extra"]
[Source "ChessBase"]
[SourceDate "2021.09.30"]
[SourceVersion "1"]
[SourceVersionDate "2021.09.30"]
[SourceQuality "1"]

1. e4 c5 2. Nc3 Nc6 3. g3 g6 4. Bg2 Bg7 5. d3 Nf6 6. Be3 d6 7. h3 0-0 8. Qd2 Nd4 9. Nge2 Ne8 10. 0-0 Rb8 11. Rab1 b5 12. b4 Bd7 13. Rfc1 Qc8 14. Nd5 Qd8 15. Nxd4 cxd4 16. Bh6 e6 17. Bxg7 Nxg7 18. Nf4 f5 19. Re1 g5 20. Ne2 f4 21. Nxd4 e5 22. Nf3 h5 23. Nh2 g4 24. h4 Ne6 25. c3 Qb6 26. Kh1 Rf7 27. Bf1 Rbf8 28. Re2 Bc6 29. Ra1 d5 30. gxf4 dxe4 31. dxe4 Rxf4 32. Bg2 Rxf2 33. Rxf2 Rxf2 34. Qh6 Ng7 35. Qg5 Qc7 36. Qe3 Rf4 37. Rf1 Qf7 38. Kg1 Qf6 39. Qxa7 Qxh4 40. Rxf4 exf4 41. Qb8+ Kh7 1/2-1/2

[Event "Davos op 20th"]
[Site "Davos"]
[Date "2021.06.11"]
[Round "1"]
[White "Reinhardt, Bernd"]
[Black "Troesch, Alexander"]
[Result "1-0"]
[WhiteElo "2188"]
[BlackElo "1560"]
[PlyCount "79"]
[EventDate "2021.06.11"]
[EventType "swiss"]
[EventRounds "5"]
[EventCountry "SUI"]
[SourceTitle "CBM 203 Extra"]
[Source "ChessBase"]
[SourceDate "2021.09.30"]
[SourceVersion "1"]
[SourceVersionDate "2021.09.30"]
[SourceQuality "1"]

1. d4 d5 2. Nf3 e6 3. e3 Nf6 4. Bd3 c5 5. Nbd2 Nc6 6. c3 Bd7 7. Ne5 Bd6 8. f4 Qc7 9. 0-0 h5 10. Ndf3 Ke7 11. Ng5 Raf8 12. Ngxf7 Rxf7 13. Ng6+ Kd8 14. Nxh8 Rf8 15. Ng6 Re8 16. Bd2 Qb6 17. Rb1 Kc8 18. Qe2 Ne7 19. Nxe7+ Bxe7 20. Be1 Rh8 21. Bh4 Bd6 22. Kh1 Ne4 23. Bxe4 dxe4 24. Qc2 Bc6 25. f5 e5 26. dxe5 Bxe5 27. f6 Qc7 28. f7 Rf8 29. Qb3 Qd7 30. Rbd1 Ba4 31. Rxd7 Bxb3 32. Re7 Bxf7 33. Rxe5 Kd7 34. Re7+ Kc6 35. Rfxf7 Rc8 36. c4 Kb6 37. Rxb7+ Kc6 38. Rxa7 Kb6 39. h3 Re8 40. Be1 1-0